Focus sur: Oromë - Tolkien - Statistiques

Statistiques générales
  • Ce quiz a été pris 11 fois
  • Le résultat moyen est 5 sur 12
Statistiques - réponses
Informations recherchées Réponses % Correct
Première apparition Le Silmarillion
100%
Espèce Vala
91%
Contrée Valinor
91%
"Profession" Chasseur
73%
Epouse Vána
55%
Monture Nahar
36%
Alatar
9%
Pallando
9%
Autres noms Aldaron
0%
Béma
0%
Tauron
0%
Maiar associés Tilion
0%
Aucun quiz correspondant
Distribution des résultats
% des personnes avec chaque résultat
Percentile par nombre de réponses
Votre historique - résultats
Vous n’avez pas pris ce quiz